00215nam a2200085 a 4500008004100000050001500041100001600056245004800072350000900120120416s9999 xx |||||||||||||| || u aTD 743 Din aDinges, Ray10aNatural systems for water pollution control a0.00